[Event "2.Nord-West-Cup"]
[Site "?"]
[Date "2000.02.11"]
[Round "3"]
[White "Opalka, Stefan"]
[Black "Fleischer, Uwe"]
[Result "0-1"]
[WhiteElo "1784"]
[BlackElo "2088"]
[PlyCount "98"]

1. e4 c5 2. Nf3 d6 3. d4 cxd4 4. Nxd4 Nf6 5. Nc3 a6 6. Be2 e6 7. Be3 Qc7 8. O-O
Nc6 9. Qd2 Be7 10. Rad1 O-O 11. Nb3 Ne5 12. Qd4 b5 13. Qb6 Qxb6 14. Bxb6 b4 15.
Na4 Bd7 16. f4 Bxa4 17. fxe5 dxe5 18. Bd3 Rfc8 19. Rd2 Bxb3 20. axb3 Bc5+ 21.
Bxc5 Rxc5 22. h3 a5 23. Kf2 a4 24. Ra1 Rd8 25. Rxa4 Nxe4+ 26. Bxe4 Rxd2+ 27.
Ke3 Rd8 28. Rxb4 f5 29. Bd3 Rd6 30. Rb7 Rcd5 31. Bc4 Rd1 32. Re7 Kf8 33. Rxe6
Rxe6 34. Bxe6 g6 35. b4 Ke7 36. Bc4 Rg1 37. Kf2 Rb1 38. b3 Rb2 39. b5 Rxc2+ 40.
Kf1 Kd6 41. Kg1 Kc5 42. Bg8 Kxb5 43. Bxh7 Rc6 44. Bg8 Kc5 45. Kf2 Kd4 46. Bc4
Rxc4 47. bxc4 Kxc4 48. Ke3 Kd5 49. h4 f4+ 0-1

[Event "2.Nord-West-Cup"]
[Site "?"]
[Date "2000.02.13"]
[Round "6"]
[White "Opalka, Stefan"]
[Black "Gudat, Alfons"]
[Result "0-1"]
[WhiteElo "1784"]
[BlackElo "2078"]
[PlyCount "112"]

1. e4 c5 2. Nf3 Nc6 3. d4 cxd4 4. Nxd4 Nf6 5. Nc3 e5 6. Ndb5 d6 7. a4 Be7 8.
Bg5 O-O 9. Bxf6 Bxf6 10. Qxd6 Qa5 11. Qd2 Rd8 12. Nd5 Qxd2+ 13. Kxd2 Bg5+ 14.
Ke1 a6 15. Nbc3 Nd4 16. Bd3 Be6 17. h4 Bh6 18. Rf1 Kf8 19. f4 exf4 20. Nxf4
Rac8 21. Nxe6+ Nxe6 22. Nd5 Nd4 23. c3 Nb3 24. Rd1 Re8 25. Rf2 Nc5 26. Re2 Nxa4
27. g4 f6 28. e5 Nxb2 29. Bxh7 Nxd1 30. Kxd1 Rc5 31. Nb6 Rd8+ 32. Kc2 Bf4 33.
exf6 gxf6 34. Bf5 Rc7 35. h5 Be5 36. Re3 Rd6 37. Na4 b5 38. Nb2 Rdc6 39. c4
bxc4 40. h6 Rb6 41. Nd1 Rb3 42. Re4 Rg3 43. Ne3 Rb7 44. h7 Kg7 45. Nxc4 Rg2+
46. Kc1 Rb4 47. g5 Rxg5 48. Rh4 Rb8 49. Ne3 Kh8 50. Bc2 Bb2+ 51. Kd2 Rd8+ 52.
Ke2 Re8 53. Kf2 Rc5 54. Be4 Rc3 55. Ke2 Rxe3+ 56. Kxe3 f5 0-1

[Event "2.Nord-West-Cup"]
[Site "?"]
[Date "2000.02.10"]
[Round "1"]
[White "Park, Heiko"]
[Black "Fischer, Steffen"]
[Result "1-0"]
[WhiteElo "2022"]
[BlackElo "1254"]
[PlyCount "49"]

1. f4 d5 2. Nf3 Nf6 3. b3 Nc6 4. Bb2 Bf5 5. e3 e6 6. Bb5 Bd6 7. Nd4 Bg4 8. Nxc6
bxc6 9. Bxc6+ Kf8 10. Qc1 Rb8 11. Nc3 Rb6 12. Bb5 Nh5 13. O-O Rg8 14. Be2 Bxe2
15. Nxe2 Rc6 16. Nd4 Ra6 17. a4 e5 18. Nf5 exf4 19. Nxd6 cxd6 20. Qd1 Qg5 21.
exf4 Qh4 22. Qe2 Rc6 23. Rae1 Rc8 24. g3 Qh3 25. Qe7# 1-0

[Event "2.Nord-West-Cup"]
[Site "?"]
[Date "2000.02.11"]
[Round "3"]
[White "Park, Heiko"]
[Black "Wesseln, Kai"]
[Result "0-1"]
[WhiteElo "2022"]
[BlackElo "2356"]
[PlyCount "50"]

1. f4 Nf6 2. e3 c5 3. Nf3 g6 4. b3 Bg7 5. Bb2 O-O 6. Be2 Nc6 7. O-O d6 8. Nc3
a6 9. Qc1 b5 10. Nd1 Bb7 11. Nf2 Qc7 12. d3 d5 13. c4 dxc4 14. dxc4 b4 15. Qc2
a5 16. Ne5 a4 17. Rad1 axb3 18. axb3 Ra2 19. Ra1 Rxb2 20. Qxb2 Nd7 21. Nfd3
Ndxe5 22. Nxe5 Nxe5 23. fxe5 Bxe5 24. Qc2 Bxh2+ 25. Kf2 Qg3# 0-1

[Event "2.Nord-West-Cup"]
[Site "?"]
[Date "2000.02.13"]
[Round "6"]
[White "Park, Heiko"]
[Black "Meis, Eric"]
[Result "0-1"]
[WhiteElo "2022"]
[BlackElo "1932"]
[PlyCount "32"]

1. f4 d6 2. Nf3 Nf6 3. b3 Nc6 4. Bb2 Bg4 5. e3 e5 6. fxe5 dxe5 7. Be2 Qd7 8.
Nxe5 Nxe5 9. Bxe5 Bxe2 10. Qxe2 O-O-O 11. Bxf6 gxf6 12. Qf3 f5 13. O-O Bg7 14.
d4 Bxd4 15. c3 Bb6 16. Qxf5 Bxe3+ 0-1

[Event "2.Nord-West-Cup"]
[Site "?"]
[Date "2000.02.11"]
[Round "2"]
[White "Paust, Wolf-Dieter"]
[Black "Langheinrich, Ferenc"]
[Result "0-1"]
[WhiteElo "2133"]
[BlackElo "2325"]
[PlyCount "86"]

1. e4 c5 2. Nc3 Nc6 3. Bc4 d6 4. Nf3 Nf6 5. d3 e6 6. Bf4 Be7 7. O-O O-O 8. Bb3
Nd7 9. Ne2 a6 10. c3 b5 11. d4 cxd4 12. cxd4 Na5 13. Bc2 Bb7 14. a4 bxa4 15.
Rxa4 Rc8 16. Bd3 Bc6 17. Bd2 Bxa4 18. Qxa4 Nc4 19. Bc3 Ncb6 20. Qxa6 Ra8 21.
Qb5 Qb8 22. Qh5 Na4 23. e5 g6 24. Qh6 Nxc3 25. Nf4 Ne2+ 26. Nxe2 Rc8 27. Nf4
dxe5 28. Nh5 Bf8 29. Qg5 exd4 30. Be4 Rc5 31. Nf6+ Nxf6 32. Qxf6 Qd8 33. Qf4
Rb8 34. Ne5 Qc7 35. Nxg6 hxg6 36. Qg4 Qe7 37. h4 Qf6 38. f4 Rxb2 39. Rf3 Be7
40. Rh3 Rc1+ 41. Kh2 Bd6 42. Rf3 Rc3 43. Rxc3 dxc3 0-1

[Event "2.Nord-West-Cup"]
[Site "?"]
[Date "2000.02.12"]
[Round "5"]
[White "Paust, Wolf-Dieter"]
[Black "Wittje, Berthold"]
[Result "0-1"]
[WhiteElo "2133"]
[BlackElo "2221"]
[PlyCount "61"]

1. e4 Nf6 2. Nc3 e5 3. Nf3 Nc6 4. d4 exd4 5. Nd5 Nb4 6. Bc4 Nbxd5 7. exd5 Bb4+
8. Kf1 O-O 9. Qxd4 Re8 10. Bg5 Be7 11. h4 d6 12. h5 h6 13. Bd2 Bf5 14. Bc3 c5
15. dxc6 bxc6 16. Bb3 Be4 17. Rh3 d5 18. Rg3 c5 19. Qd2 Nxh5 20. Rh3 Nf6 21.
Ne5 Qc8 22. Re1 Qa6+ 23. Kg1 c4 24. Rxe4 Nxe4 25. Qxd5 Ng5 26. Rg3 cxb3 27.
Rxg5 Qe6 28. Qxe6 fxe6 29. Rg6 bxc2 30. Nd7 c1=Q+ 31. Kh2 0-1

[Event "2.Nord-West-Cup"]
[Site "?"]
[Date "2000.02.10"]
[Round "1"]
[White "Pel, Bonno"]
[Black "Boehme, Arne"]
[Result "1-0"]
[WhiteElo "2224"]
[BlackElo "1783"]
[PlyCount "65"]

1. Nc3 e5 2. Nf3 Nc6 3. d4 exd4 4. Nxd4 d5 5. g3 Nf6 6. Bg2 Nxd4 7. Qxd4 c6 8.
O-O Be7 9. Bg5 O-O 10. Rad1 Bf5 11. e4 Nxe4 12. Bxe4 Bxe4 13. Bxe7 Qxe7 14.
Rfe1 Qc7 15. Nxe4 dxe4 16. Qxe4 g6 17. Qe7 Qb6 18. Qf6 Rae8 19. Rxe8 Rxe8 20.
Rd7 Rf8 21. h4 Qb5 22. b3 h5 23. c4 Qa6 24. Kg2 Qxa2 25. Rxb7 c5 26. Qe7 Qa6
27. Rc7 Qb6 28. Qxc5 Qxb3 29. Rxa7 Qb1 30. Qd5 Qb6 31. Rd7 Qf6 32. Rd6 Qa1 33.
Rxg6+ 1-0

[Event "2.Nord-West-Cup"]
[Site "?"]
[Date "2000.02.11"]
[Round "3"]
[White "Pel, Bonno"]
[Black "Kolthoff, Siegmund"]
[Result "1-0"]
[WhiteElo "2224"]
[BlackElo "2036"]
[PlyCount "81"]

1. Nc3 c5 2. Nf3 Nc6 3. d4 cxd4 4. Nxd4 g6 5. g3 Bg7 6. Nb3 Nf6 7. Bg2 O-O 8.
O-O d6 9. e4 Bd7 10. h3 Rc8 11. Qe2 b6 12. Bg5 h6 13. Be3 Ne5 14. Rad1 Nh7 15.
Nd2 Be6 16. Rfe1 Bc4 17. Nxc4 Nxc4 18. Bc1 Nxb2 19. Bxb2 Bxc3 20. Bxc3 Rxc3 21.
Qd2 Qc7 22. Qxh6 Rxc2 23. Rd5 Rc8 24. Bf1 Qc3 25. Re3 Qa1 26. Kg2 R8c3 27. Bd3
Rc1 28. e5 Rc8 29. exd6 exd6 30. Rxd6 Qg7 31. Qxg7+ Kxg7 32. Re7 R1c7 33. Rxg6+
Kf8 34. Rxc7 Rxc7 35. Rd6 Ke7 36. Rd4 Nf6 37. g4 Rc5 38. Bf5 Ra5 39. a4 Nd5 40.
h4 Nf4+ 41. Rxf4 1-0

[Event "2.Nord-West-Cup"]
[Site "?"]
[Date "2000.02.12"]
[Round "5"]
[White "Pel, Bonno"]
[Black "Erdogan, Ugur"]
[Result "1-0"]
[WhiteElo "2224"]
[BlackElo "2100"]
[PlyCount "77"]

1. Nc3 Nf6 2. e4 d5 3. e5 Ne4 4. Nce2 d4 5. c3 dxc3 6. bxc3 Nc5 7. d4 Nca6 8.
Nf4 e6 9. Nf3 c5 10. Bd3 Bd7 11. d5 exd5 12. Nxd5 Bc6 13. c4 Be7 14. O-O Nc7
15. Be4 Ne6 16. Rb1 h6 17. Rb3 O-O 18. Bb1 Re8 19. Qc2 Nf8 20. Qf5 Na6 21. Qg4
h5 22. Qxh5 Bxd5 23. cxd5 Qxd5 24. Qg4 Rab8 25. Be4 Qe6 26. Bf5 Qc6 27. e6 Bf6
28. exf7+ Kxf7 29. Ng5+ Bxg5 30. Bxg5 b5 31. Rf3 Kg8 32. a4 c4 33. axb5 Rxb5
34. Bf6 Rb7 35. Bc3 Nb4 36. Rf4 a5 37. Be4 Nd5 38. Qf3 Rxe4 39. Rxf8+ 1-0

[Event "2.Nord-West-Cup"]
[Site "?"]
[Date "2000.02.13"]
[Round "7"]
[White "Pel, Bonno"]
[Black "Lau, Udo"]
[Result "1-0"]
[WhiteElo "2224"]
[BlackElo "2195"]
[PlyCount "71"]

1. Nc3 d5 2. e4 d4 3. Nce2 Nc6 4. Ng3 Nf6 5. Nf3 e6 6. Bb5 Bd7 7. c3 Bc5 8. O-O
Bb6 9. d3 h6 10. Ne2 dxc3 11. bxc3 O-O 12. a4 a6 13. Bc4 Re8 14. e5 Nh7 15. d4
Ne7 16. Ng3 Bc6 17. Nh4 Nd5 18. Qg4 Kh8 19. Bd2 g5 20. Nf3 f5 21. exf6 Ndxf6
22. Qh3 g4 23. Qxh6 gxf3 24. Bd3 Rg8 25. Rfe1 Qf8 26. Qh4 Qf7 27. Re5 Rg4 28.
Qh3 Rag8 29. Rae1 fxg2 30. Rxe6 Rxg3 31. hxg3 Ng4 32. Bf4 Rg7 33. f3 Bxf3 34.
Re8+ Rg8 35. Bxh7 Nf2 36. Be5+ 1-0

[Event "2.Nord-West-Cup"]
[Site "?"]
[Date "2000.02.11"]
[Round "2"]
[White "Petri, Norbert"]
[Black "Mursajew, Anatoli"]
[Result "0-1"]
[WhiteElo "1974"]
[BlackElo "1601"]
[PlyCount "114"]

1. c4 c5 2. Nc3 Nf6 3. g3 Nc6 4. Bg2 g6 5. Nf3 Bg7 6. O-O O-O 7. d4 cxd4 8.
Nxd4 a6 9. c5 Qa5 10. Nb3 Qd8 11. Bf4 Nh5 12. Be3 d6 13. cxd6 exd6 14. Qd2 Ne5
15. Bd4 Bh3 16. Bxh3 f5 17. Bxe5 Bxe5 18. f4 Bg7 19. Nd5 a5 20. Rac1 a4 21. Nd4
Qa5 22. Nf3 Qxd2 23. Nxd2 Bxb2 24. Rc7 b5 25. Bg2 Rab8 26. e4 Ng7 27. exf5 Nxf5
28. Ne4 Rf7 29. Rxf7 Kxf7 30. Ng5+ Kg7 31. Rf2 Ba1 32. Rc2 b4 33. Rc7+ Kg8 34.
Nxh7 b3 35. Nhf6+ Kf8 36. Nd7+ Ke8 37. Nxb8 Bd4+ 38. Kf1 bxa2 39. Rc1 a1=Q 40.
Rxa1 Bxa1 41. Nc6 a3 42. Ncb4 Bd4 43. Be4 Kf7 44. Bxf5 gxf5 45. Ke2 Bc5 46. Na2
Ke6 47. Ne3 d5 48. Kd3 d4 49. Nc2 Kd5 50. Nab4+ Kd6 51. h3 Ke7 52. Nxd4 Bxb4
53. Nc6+ Kd6 54. Nxb4 Kc5 55. Na2 Kb5 56. g4 fxg4 57. hxg4 Ka4 0-1

[Event "2.Nord-West-Cup"]
[Site "?"]
[Date "2000.02.12"]
[Round "5"]
[White "Petri, Norbert"]
[Black "Kerker, Andreas"]
[Result "1/2-1/2"]
[WhiteElo "1974"]
[BlackElo "2195"]
[PlyCount "58"]

1. c4 g6 2. Nc3 Bg7 3. g3 e5 4. Bg2 d6 5. e3 f5 6. Nge2 Nf6 7. O-O Nc6 8. Rb1
O-O 9. d3 Be6 10. b4 Qd7 11. b5 Nd8 12. Qc2 Kh8 13. f4 Qf7 14. e4 Nd7 15. fxe5
Nxe5 16. Nf4 Bc8 17. Bb2 Ne6 18. Nxe6 Qxe6 19. Rbe1 Qd7 20. Bh3 c6 21. bxc6
Qxc6 22. Bg2 Qb6+ 23. Kh1 Be6 24. Nd5 Bxd5 25. exd5 Rae8 26. h3 Qd8 27. d4 Nf7
28. c5 Ng5 29. h4 Nf7 1/2-1/2

[Event "2.Nord-West-Cup"]
[Site "?"]
[Date "2000.02.11"]
[Round "2"]
[White "Porth, Hartmut"]
[Black "Gofshtein, Leonid"]
[Result "0-1"]
[WhiteElo "2198"]
[BlackElo "2580"]
[PlyCount "72"]

1. e4 c5 2. d3 Nc6 3. g3 d5 4. Nd2 Nf6 5. Bg2 g6 6. Ngf3 Bg7 7. O-O O-O 8. Re1
e6 9. h3 b6 10. Nh2 e5 11. Ng4 Nxg4 12. hxg4 d4 13. Nf1 Be6 14. c4 Rb8 15. f3
Qd7 16. Qe2 b5 17. b3 Nb4 18. Nh2 bxc4 19. bxc4 Qa4 20. Rb1 Qxa2 21. Qxa2 Nxa2
22. Ba3 Nc3 23. Rxb8 Rxb8 24. Bxc5 a5 25. f4 f6 26. g5 Bf8 27. Bxf8 Kxf8 28.
Nf3 a4 29. fxe5 fxe5 30. Ra1 Rb1+ 31. Rxb1 Nxb1 32. Ne1 a3 33. Bf3 Bd7 34. Nc2
Ba4 35. Nb4 Nc3 36. Kf2 a2 0-1

[Event "2.Nord-West-Cup"]
[Site "?"]
[Date "2000.02.12"]
[Round "4"]
[White "Porth, Hartmut"]
[Black "Petri, Norbert"]
[Result "1-0"]
[WhiteElo "2198"]
[BlackElo "1974"]
[PlyCount "80"]

1. e4 d6 2. d4 Nf6 3. Nc3 g6 4. g3 Bg7 5. Bg2 O-O 6. Nge2 e5 7. O-O Nc6 8. dxe5
dxe5 9. Bg5 Nd4 10. Nxd4 exd4 11. Nd5 c6 12. Qxd4 Nxd5 13. Qxg7+ Kxg7 14. Bxd8
Rxd8 15. exd5 cxd5 16. Rfd1 Be6 17. Rd4 Rac8 18. c3 Rc4 19. Rad1 Rxd4 20. Rxd4
Rd7 21. f4 Kf6 22. Kf2 b6 23. Rb4 d4 24. cxd4 Bxa2 25. Ke3 Ke6 26. Ra4 Bd5 27.
Bf1 Ke7 28. Bd3 f5 29. Ra1 Kd6 30. Kd2 a5 31. Re1 Re7 32. Re5 Rxe5 33. dxe5+
Kc6 34. h3 Be6 35. Be2 h5 36. Kc3 b5 37. Kd4 Bg8 38. Bf3+ Kb6 39. Bd5 Bxd5 40.
Kxd5 a4 1-0

[Event "2.Nord-West-Cup"]
[Site "?"]
[Date "2000.02.13"]
[Round "6"]
[White "Porth, Hartmut"]
[Black "Fischbach, Harald"]
[Result "1/2-1/2"]
[WhiteElo "2198"]
[BlackElo "2183"]
[PlyCount "100"]

1. e4 c5 2. d3 g6 3. f4 Bg7 4. Nf3 e6 5. g3 d5 6. e5 Nc6 7. Bg2 Nge7 8. Be3 Qb6
9. Qc1 Nf5 10. Bf2 h5 11. Nbd2 Ncd4 12. c3 Nxf3+ 13. Nxf3 Qc7 14. O-O b6 15. b4
c4 16. dxc4 Qxc4 17. Nd2 Qd3 18. Re1 Qb5 19. c4 Qd7 20. cxd5 exd5 21. Qd1 O-O
22. Qb3 Ne7 23. a4 Rd8 24. b5 Rb8 25. Nf3 Nf5 26. Ng5 Qb7 27. Rac1 Ne7 28. e6
fxe6 29. Nxe6 Bxe6 30. Rxe6 Kh7 31. Qd3 Qd7 32. Rce1 Nf5 33. Bf3 Re8 34. Rxe8
Rxe8 35. Rxe8 Qxe8 36. Qxd5 Qc8 37. Qc6 Qd8 38. Qe4 Qc8 39. Kg2 Kh6 40. h3 Qc3
41. g4 hxg4 42. hxg4 Nd4 43. Bh4 Nxf3 44. Qxf3 Qc2+ 45. Bf2 Bd4 46. g5+ Kg7 47.
Qb7+ Kf8 48. Qa8+ Ke7 49. Qb7+ Kf8 50. Qa8+ Ke7 1/2-1/2

[Event "2.Nord-West-Cup"]
[Site "?"]
[Date "2000.02.10"]
[Round "1"]
[White "Radczewill, Horst"]
[Black "Paust, Wolf-Dieter"]
[Result "0-1"]
[WhiteElo "1545"]
[BlackElo "2133"]
[PlyCount "64"]

1. e4 c5 2. Nf3 Nc6 3. Be2 d5 4. exd5 Qxd5 5. Nc3 Qd7 6. d3 b6 7. Bf4 Bb7 8.
O-O f6 9. Re1 e5 10. Bg3 Nge7 11. h3 Nf5 12. Bh2 h5 13. Nd2 g6 14. f4 Qd4+ 15.
Kh1 Ne3 16. Qc1 Ng4 17. hxg4 hxg4 18. Bxg4 Rxh2+ 19. Kxh2 Qxf4+ 20. Kg1 Qd4+
21. Kh1 Qxg4 22. Nf3 Nd4 23. Ne4 Qh5+ 24. Nh2 Be7 25. Qd2 O-O-O 26. Ng3 Qh4 27.
Re3 f5 28. Ngf1 f4 29. Rxe5 f3 30. Kg1 fxg2 31. Rxe7 gxf1=Q+ 32. Rxf1 Qg3+ 0-1

[Event "2.Nord-West-Cup"]
[Site "?"]
[Date "2000.02.11"]
[Round "3"]
[White "Radczewill, Horst"]
[Black "van der Veen, Anne"]
[Result "0-1"]
[WhiteElo "1545"]
[BlackElo "1600"]
[PlyCount "85"]

1. e4 e6 2. d4 d5 3. Nc3 Nf6 4. f3 c5 5. Bb5+ Nc6 6. Bg5 dxe4 7. dxc5 Qxd1+ 8.
Rxd1 exf3 9. Nxf3 Bxc5 10. Ne4 Be7 11. Nf2 Bd7 12. O-O Rd8 13. c3 O-O 14. Rfe1
Nb8 15. Bd3 Rfe8 16. Be3 b6 17. Ne5 Bc8 18. Bf4 Bb7 19. Nc4 Na6 20. b4 Rc8 21.
a4 Red8 22. Bf1 Nd5 23. Bd2 Rc7 24. Ne4 Nb8 25. Kh1 Nd7 26. Ned6 Ba8 27. Nb5
Rb7 28. Be2 N7f6 29. Bf3 a6 30. Nd4 Rc7 31. Ne5 Nxc3 32. Rc1 Bxf3 33. Ndxf3
Bxb4 34. Rf1 Nfd5 35. Nd4 Rdc8 36. Rc2 Ne4 37. Rxc7 Rxc7 38. Bxb4 Nxb4 39. Ndc6
Nxc6 40. Rc1 Nc5 41. Rd1 g6 42. Nc4 Nxa4 43. Rc1 0-1

[Event "2.Nord-West-Cup"]
[Site "?"]
[Date "2000.02.12"]
[Round "5"]
[White "Radczewill, Horst"]
[Black "Kuenzler, Thomas"]
[Result "0-1"]
[WhiteElo "1545"]
[BlackElo "2051"]
[PlyCount "36"]

1. e4 Nf6 2. Nc3 d5 3. exd5 Nxd5 4. Nxd5 Qxd5 5. Qf3 Qc5 6. Qd1 Nc6 7. c3 e5 8.
Nf3 Bg4 9. h3 Bh5 10. g4 Bg6 11. Qe2 O-O-O 12. b4 Qd5 13. Qe3 e4 14. Nh4 Be7
15. Nxg6 hxg6 16. c4 Qe5 17. Rb1 Bg5 18. d4 Nxd4 0-1

[Event "2.Nord-West-Cup"]
[Site "?"]
[Date "2000.02.10"]
[Round "1"]
[White "Reimer, Karl"]
[Black "Eickhoff, Hermann"]
[Result "0-1"]
[WhiteElo "1586"]
[BlackElo "2159"]
[PlyCount "86"]

1. b4 Nf6 2. Bb2 d5 3. e3 Nbd7 4. Nf3 e6 5. a3 Bd6 6. c4 c6 7. d4 O-O 8. Be2 a5
9. c5 Bc7 10. Nbd2 Ne4 11. O-O Ndf6 12. Qc2 Bd7 13. Bd3 Nxd2 14. Nxd2 Qb8 15.
g3 e5 16. dxe5 Bxe5 17. Nf3 Bxb2 18. Qxb2 Bh3 19. Rfe1 h6 20. Nh4 Re8 21. Bf5
Bxf5 22. Nxf5 axb4 23. axb4 Rxa1 24. Rxa1 Kh7 25. Qa3 Qe5 26. Nd6 Re7 27. Qa8
Ng4 28. h3 Nxf2 29. Kxf2 Qxe3+ 30. Kg2 Qd2+ 31. Kf1 Re2 32. Qa2 Qxa2 33. Rxa2
Rxa2 34. Nxb7 Rb2 35. Nd8 Rxb4 36. Nxc6 Rc4 37. Ne5 Rxc5 38. Nxf7 d4 39. Ke2
Rc3 40. Kf2 d3 41. g4 d2 42. Ke2 Rf3 43. Ne5 Re3+ 0-1

[Event "2.Nord-West-Cup"]
[Site "?"]
[Date "2000.02.11"]
[Round "3"]
[White "Reimer, Karl"]
[Black "Meijers, Johannes"]
[Result "1-0"]
[WhiteElo "1586"]
[BlackElo "1450"]
[PlyCount "53"]

1. b4 Nf6 2. Bb2 d6 3. c4 e6 4. e3 Be7 5. Nf3 b6 6. Nc3 O-O 7. Be2 Bb7 8. O-O
Nbd7 9. d4 c6 10. a4 a6 11. Qc2 Ra7 12. Bd3 Re8 13. h3 e5 14. dxe5 dxe5 15.
Rad1 Qb8 16. Qb3 a5 17. Bf5 Bc8 18. Bxd7 Bxd7 19. b5 Bd6 20. Ng5 e4 21. c5 Bh2+
22. Kh1 Be6 23. Nxe6 Rxe6 24. cxb6 Rb7 25. Ne2 cxb5 26. Bd4 Nd7 27. Qxb5 1-0

[Event "2.Nord-West-Cup"]
[Site "?"]
[Date "2000.02.12"]
[Round "5"]
[White "Reimer, Karl"]
[Black "Teixeira, Jose"]
[Result "0-1"]
[WhiteElo "1586"]
[BlackElo "1761"]
[PlyCount "66"]

1. b4 d6 2. Bb2 e5 3. e3 Nf6 4. Be2 g6 5. c4 Bg7 6. Nf3 O-O 7. O-O Nc6 8. b5
Ne7 9. d3 b6 10. Nbd2 Bb7 11. e4 Nd7 12. Qb3 Nc5 13. Qc2 Kh8 14. d4 exd4 15.
Bxd4 f6 16. a4 a5 17. Rad1 Ne6 18. Bb2 Nf4 19. Nb3 Qc8 20. Bc1 Qg4 21. Bxf4
Qxf4 22. Bd3 f5 23. Qd2 fxe4 24. Qxf4 Rxf4 25. Rfe1 Nf5 26. Ng5 exd3 27. Ne6
Rxc4 28. Rxd3 Re8 29. Kf1 Rxa4 30. Nxc7 Bxg2+ 31. Kxg2 Rxe1 32. Nd5 Rg4+ 33.
Kf3 h5 0-1

[Event "2.Nord-West-Cup"]
[Site "?"]
[Date "2000.02.11"]
[Round "2"]
[White "Salov, Sergej"]
[Black "Gudat, Alfons"]
[Result "1-0"]
[WhiteElo "2299"]
[BlackElo "2078"]
[PlyCount "73"]

1. e4 c5 2. Nf3 Nc6 3. Nc3 e5 4. Bc4 Be7 5. d3 Nf6 6. Ng5 O-O 7. f4 exf4 8.
Bxf4 d6 9. O-O Ne5 10. Bb3 Bg4 11. Qd2 Rc8 12. Nf3 Nxf3+ 13. gxf3 Bh3 14. Rf2
Nh5 15. Nd5 Bh4 16. Re2 b5 17. c4 a6 18. Kh1 Kh8 19. Rg1 Be6 20. Bg5 Bxg5 21.
Rxg5 Bxd5 22. Rxh5 Be6 23. Rg2 f5 24. cxb5 Bxb3 25. axb3 fxe4 26. Rxg7 Kxg7 27.
Qh6+ Kf7 28. Qxh7+ Ke8 29. Qg6+ Kd7 30. Rh7+ Qe7 31. Qg4+ Kd8 32. Rxe7 Kxe7 33.
Qxe4+ Kd7 34. bxa6 Rce8 35. Qb7+ Kd8 36. a7 Re1+ 37. Kg2 1-0

[Event "2.Nord-West-Cup"]
[Site "?"]
[Date "2000.02.12"]
[Round "4"]
[White "Salov, Sergej"]
[Black "Tschetschelnizki, Mikhail"]
[Result "1/2-1/2"]
[WhiteElo "2299"]
[BlackElo "2136"]
[PlyCount "77"]

1. e4 e6 2. d4 d5 3. Nd2 Nf6 4. e5 Nfd7 5. f4 c5 6. c3 Nc6 7. Ndf3 Qb6 8. g3
cxd4 9. cxd4 Bb4+ 10. Kf2 f6 11. Kg2 O-O 12. Bd3 Be7 13. Ne2 Qd8 14. a3 Nb6 15.
b3 Bd7 16. Bd2 Rc8 17. Qb1 f5 18. h3 a5 19. g4 a4 20. gxf5 exf5 21. b4 Na7 22.
Nc3 Be6 23. Qd1 Qe8 24. Bc2 Bd7 25. Re1 Rc4 26. Bd3 Rc8 27. e6 Bb5 28. Nxb5
Nxb5 29. Be3 Nc3 30. Qd2 Nc4 31. Bxc4 Rxc4 32. Ne5 Ne4 33. Qa2 Nc3 34. Qd2 Ne4
35. Qa2 Nc3 36. Qd2 Ne4 37. Qd1 Rc3 38. Kh2 Bh4 39. Re2 1/2-1/2

[Event "2.Nord-West-Cup"]
[Site "?"]
[Date "2000.02.13"]
[Round "6"]
[White "Salov, Sergej"]
[Black "Schenk, Uwe"]
[Result "1/2-1/2"]
[WhiteElo "2299"]
[BlackElo "2147"]
[PlyCount "115"]

1. e4 c5 2. Nf3 e6 3. d4 cxd4 4. Nxd4 Nf6 5. Nc3 Nc6 6. Ndb5 d6 7. Bf4 e5 8.
Bg5 a6 9. Na3 b5 10. Bxf6 gxf6 11. Nd5 f5 12. Bd3 Be6 13. Qh5 Bg7 14. O-O f4
15. Kh1 Ne7 16. Nxe7 Qxe7 17. Nb1 O-O 18. Nd2 Qd7 19. Nf3 Bg4 20. Qh4 f5 21.
Rad1 Rf6 22. Nxe5 Qe6 23. exf5 Bxf5 24. Bxf5 Qxf5 25. Nd3 f3 26. g4 Qe6 27. g5
Rf5 28. c3 Qxa2 29. Rg1 Qc4 30. Rg4 Qb3 31. Rdg1 Rc8 32. Nf4 Rc4 33. Nh5 Rxg4
34. Qxg4 Qe6 35. Nf6+ Kh8 36. h4 Re5 37. Qxe6 Rxe6 38. Ng4 Re2 39. h5 Rxb2 40.
Rd1 Be5 41. Nxe5 dxe5 42. h6 Kg8 43. Rd8+ Kf7 44. Rd7+ Kg6 45. Rg7+ Kh5 46. Kg1
Rc2 47. Rxh7 Kxg5 48. Ra7 Kxh6 49. Rxa6+ Kg5 50. Rb6 Rxc3 51. Rxb5 Kf4 52. Rb4+
e4 53. Rb8 Rc1+ 54. Kh2 Rf1 55. Rb2 Rxf2+ 56. Rxf2 e3 57. Kg1 exf2+ 58. Kxf2
1/2-1/2

[Event "2.Nord-West-Cup"]
[Site "?"]
[Date "2000.02.12"]
[Round "4"]
[White "Sarveniazi, Alireza"]
[Black "Hundack, Rolf"]
[Result "0-1"]
[WhiteElo "1920"]
[BlackElo "2252"]
[PlyCount "44"]

1. d4 Nf6 2. c4 e5 3. dxe5 Ng4 4. Nf3 Nc6 5. Bf4 Bb4+ 6. Nbd2 Qe7 7. a3 Ngxe5
8. Nxe5 Nxe5 9. e3 Bxd2+ 10. Qxd2 d6 11. Be2 O-O 12. O-O b6 13. Qc3 Re8 14. b4
a5 15. c5 axb4 16. axb4 Rxa1 17. Rxa1 Qf6 18. Kf1 g5 19. Bb5 gxf4 20. Bxe8 fxe3
21. f3 Bh3 22. Qe1 Qxf3+ 0-1

[Event "2.Nord-West-Cup"]
[Site "?"]
[Date "2000.02.11"]
[Round "2"]
[White "Sawatzki, Frank"]
[Black "Henrichsen, Jens"]
[Result "1-0"]
[WhiteElo "2270"]
[BlackElo "2059"]
[PlyCount "79"]

1. e4 c5 2. Nf3 Nc6 3. Bb5 e6 4. O-O Nge7 5. Nc3 a6 6. Bxc6 Nxc6 7. d4 cxd4 8.
Nxd4 Qc7 9. Re1 Be7 10. Nxc6 bxc6 11. e5 d5 12. Qg4 Kf8 13. Qh5 Rb8 14. b3 Bd7
15. Bb2 f5 16. exf6 Bxf6 17. Na4 Bxb2 18. Nxb2 Be8 19. Qe5 Qxe5 20. Rxe5 Ke7
21. Nd3 Kd6 22. Rae1 Bd7 23. h4 a5 24. R1e3 Rhf8 25. Rg3 g6 26. h5 Be8 27. Rge3
Rf6 28. h6 g5 29. Rxg5 Bg6 30. Ne5 d4 31. Re2 Rf5 32. Rxf5 Bxf5 33. Nc4+ Kc5
34. Nxa5 Ra8 35. a3 d3 36. cxd3 Bxd3 37. Re1 Bc2 38. Re3 Kd6 39. Nxc6 Rxa3 40.
Nd4 1-0

[Event "2.Nord-West-Cup"]
[Site "?"]
[Date "2000.02.12"]
[Round "4"]
[White "Sawatzki, Frank"]
[Black "Bunzmann, Dimitrij"]
[Result "0-1"]
[WhiteElo "2270"]
[BlackElo "2502"]
[PlyCount "72"]

1. e4 e6 2. d4 d5 3. Nc3 Bb4 4. e5 c5 5. a3 Bxc3+ 6. bxc3 Ne7 7. Nf3 b6 8. a4
Ba6 9. Bxa6 Nxa6 10. O-O h6 11. Qe2 Nb8 12. Ba3 Nd7 13. c4 dxc4 14. Qxc4 O-O
15. dxc5 bxc5 16. Qg4 Qc7 17. Rfe1 Ng6 18. Bc1 Rfc8 19. Qh5 Rab8 20. Ra3 Rb1
21. Nd2 Rb4 22. Rg3 Rh4 23. Qd1 Ndxe5 24. Qe2 Nc6 25. c3 Nce7 26. Nf3 Rxa4 27.
h4 Nxh4 28. Ne5 Nef5 29. Rh3 f6 30. Ng6 Qf7 31. Nf4 e5 32. Nh5 Qd5 33. Rh2 Rd8
34. Bxh6 Nxh6 35. Nxf6+ gxf6 36. Qh5 Rg4 0-1

[Event "2.Nord-West-Cup"]
[Site "?"]
[Date "2000.02.13"]
[Round "6"]
[White "Sawatzki, Gerhard"]
[Black "Schlichtmann, Gisbert"]
[Result "1-0"]
[WhiteElo "2270"]
[BlackElo "2213"]
[PlyCount "69"]

1. e4 d5 2. exd5 Nf6 3. d4 Nxd5 4. c4 Nb6 5. Nf3 Bg4 6. c5 N6d7 7. Bc4 e6 8.
O-O Be7 9. h3 Bh5 10. Nc3 O-O 11. g4 Bg6 12. Bf4 Nc6 13. a3 e5 14. Nxe5 Ncxe5
15. dxe5 Nxc5 16. Nd5 Bh4 17. Be3 Ne6 18. Nc3 Qxd1 19. Raxd1 Rfd8 20. f4 Bc2
21. Rd5 c6 22. Rxd8+ Rxd8 23. Rc1 Bd3 24. Bxe6 fxe6 25. Bxa7 Rf8 26. Be3 Bg3
27. Rd1 Ba6 28. Rd4 g5 29. Ne4 gxf4 30. Bf2 Bxf2+ 31. Kxf2 h5 32. Rd7 hxg4 33.
hxg4 Rf7 34. Nf6+ Kf8 35. Rd8+ 1-0

[Event "2.Nord-West-Cup"]
[Site "?"]
[Date "2000.02.10"]
[Round "1"]
[White "Schenk, Uwe"]
[Black "Fehsenfeld, Frthjof"]
[Result "1-0"]
[WhiteElo "2147"]
[BlackElo "1584"]
[PlyCount "57"]

1. c4 e5 2. g3 f5 3. Bg2 Nc6 4. Nc3 Bb4 5. Nd5 Nf6 6. a3 Be7 7. e3 d6 8. Ne2
O-O 9. O-O e4 10. d4 exd3 11. Nef4 Ne5 12. Nxd3 Kh8 13. b3 c6 14. Nxe7 Qxe7 15.
Bb2 Rd8 16. Nf4 Ne4 17. Qh5 Nf6 18. Qh4 Kg8 19. Rad1 h6 20. Nh5 g5 21. Nxf6+
Qxf6 22. Qd4 Kf7 23. f4 Ng4 24. Qd2 Qe7 25. e4 Kg6 26. h3 Nf6 27. exf5+ Bxf5
28. fxg5 hxg5 29. g4 1-0